Územné plánovanie ako nástroj rozvoja regiónu

Pojem územné plánovanie. Základné nástroje územného plánovania. Význam a použitie územného plánu. Základné princípy tvorby územného plánu. Ciele a úlohy územného plánu. Územnoplánovacie podklady.

Guardado en:
Detalles Bibliográficos
Autor principal: Ježek, Jiří
Formato: Capítulo de libro
Lenguaje:eslovaco
Materias:
Etiquetas: Agregar Etiqueta
Sin Etiquetas, Sea el primero en etiquetar este registro!

MARC

LEADER 00000naa$a2200000$$$4500
001 0116165
005 20231127105201.3
041 0 |a slo 
044 |a SK 
245 1 0 |a Územné plánovanie ako nástroj rozvoja regiónu  |c Jiří Ježek 
520 |a Pojem územné plánovanie. Základné nástroje územného plánovania. Význam a použitie územného plánu. Základné princípy tvorby územného plánu. Ciele a úlohy územného plánu. Územnoplánovacie podklady. 
610 2 0 |a plánovanie územné 
610 2 0 |a plán územný 
610 2 0 |a politika regionálna 
610 2 0 |a rozvoj regionálny 
610 2 0 |a prostredie životné 
100 1 |a Ježek, Jiří